WW2 german tank quiz - Statistics

General Stats
  • This quiz has been taken 420 times
  • The average score is 7 of 15
Answer Stats
Description Answer % Correct
Tank used to counter the T-34's and obliterate Shermans Tiger
94%
this tank weighed 188 tons and is the heaviest tank ever built. Maus
90%
Heaviest tank that was ever designed but never built Landkreuzer p1000 ratte
62%
also called the Ferdinand Elefant
57%
Tank destroyer that used the chassis of the Panzer 38(t) Hetzer
55%
sdkfz named after a certain animal related to the cat family Puma
53%
tank not designed for action but for training Panzer 1
45%
this tank never saw action and only the hull was completed E-100
44%
not really a tank, but a radio-operated tracked mine Goliath
37%
Pak 43 heavy anti-tank gun (hornet) Nashorn
35%
self-propelled gun that has also the name of an annoying bug Wespe
30%
anti-air tank Flakpanzer 1
29%
Roarrrr... (Tank used to blow up buildings) Brummbär
27%
four wheeled light armoured reconnaissance vehicle (sdkfz and 3 same number eg: 555) Leichter Panzerspähwagen
21%
secret tank development program because the Treaty of Versailles forbid tank research for Germany Leichttraktor
19%
No matching quizzes found
Score Distribution
Percent of People with Each Score
Percentile by Number Answered
Your Score History
You have not taken this quiz